000 00772cab a2200241 4500
001 ABS48159
008 090401t1993 xxu||||| |||| 00| 0 eng d
035 _a(Sirsi) u65276
041 _aeng
100 _aMinogue, A.
245 _aTussling over float and contingencies
260 _c1993
350 _a0
490 _aBuilding
_v258(7784) 5 March 1993, 28-29(2)
520 _aConsiders the contractual effect of `float` inserted by contractors during or at the end of their construction programmes and how it should be accommodated in considering extensions of time.
650 _aCLAIMS
650 _aDELAYS
650 _aEXTENSION OF TIME
650 _aFLOAT
690 _aBUILT ENVIRONMENT-BUILDING CONTRACT FORMS
942 _n0
948 _c04/03/1997
999 _c40706
_d40706